000 00750nam a22001577a 4500
003 OSt
005 20151111142707.0
008 151111b xxu||||| |||| 00| 0 eng d
040 _cRUA
082 _aFOR SOK 2006 B132 Or.1
100 _93555
_bSOK, SOKUNTHEAT.
245 _aStudy on soil types in view of forest re-habitation in brameymum commune, thpong district , kampong speu province, ការសិក្សាអំពីប្រភេទដី ដើម្បីស្តារព្រៃឈើឡើងវិញ​នៅក្នុងឃុំប្រាំបីមុម ស្រុកថ្ពង ខេត្តកមពង់ស្ពឺ
260 _aPhnom Penh
_bRUA
_c2006
300 _axv; 64p.
_bill.
_c29cm.
942 _2ddc
_cFOR
999 _c3310
_d3310